VLSI technology

Kaydedildi:
Detaylı Bibliyografya
Yazar: Sze
Materyal Türü: Kitap
Dil:Undetermined
Baskı/Yayın Bilgisi: Auckland McGraw-Hill 1983
Konular:
Etiketler: Etiketle
Etiket eklenmemiş, İlk siz ekleyin!
Thư viện lưu trữ: Trung tâm Học liệu Trường Đại học Cần Thơ
LEADER 00487nam a2200193Ia 4500
001 CTU_82669
008 210402s9999 xx 000 0 und d
082 |a 621.381 
082 |b S997 
100 |a Sze 
245 0 |a VLSI technology 
245 0 |c Sze 
260 |a Auckland 
260 |b McGraw-Hill 
260 |c 1983 
650 |a Integrated circuits 
650 |x Very large scale integration 
904 |i QHieu(sửa) 
980 |a Trung tâm Học liệu Trường Đại học Cần Thơ